[Event "Blitz 2018"]
[Site "Saint-Petersburg"]
[Date "2018.12.29"]
[Round "9"]
[Board "13"]
[White "Demchenko Anton (RUS)"]
[Black "Zubov Alexander (UKR)"]
[Result "1-0"]
[LiveChessVersion "1.4.8"]
[BlackElo "2729"]
[WhiteElo "2572"]

1. e4 {[%clk 0:03:03]} Nc6 {[%clk 0:03:03]} 2. Nf3 {[%clk 0:03:04]} d6
{[%clk 0:03:04]} 3. Bc4 {[%clk 0:02:44]} Nf6 {[%clk 0:03:01]} 4. d3
{[%clk 0:02:45]} Na5 {[%clk 0:03:01]} 5. Bb5+ {[%clk 0:02:40]} c6
{[%clk 0:03:01]} 6. Ba4 {[%clk 0:02:40]} b5 {[%clk 0:03:01]} 7. Bb3
{[%clk 0:02:41]} g6 {[%clk 0:02:53]} 8. h3 {[%clk 0:02:37]} Bg7 {[%clk 0:02:52]}
9. O-O {[%clk 0:02:38]} O-O {[%clk 0:02:48]} 10. Re1 {[%clk 0:02:39]} e5
{[%clk 0:02:44]} 11. Nc3 {[%clk 0:02:31]} a6 {[%clk 0:02:18]} 12. Be3
{[%clk 0:02:02]} h6 {[%clk 0:02:15]} 13. d4 {[%clk 0:01:57]} Qe7 {[%clk 0:02:04]}
14. Qd2 {[%clk 0:01:58]} Kh7 {[%clk 0:02:02]} 15. Rad1 {[%clk 0:01:59]} Re8
{[%clk 0:01:31]} 16. a3 {[%clk 0:01:33]} Nxb3 {[%clk 0:01:31]} 17. cxb3
{[%clk 0:01:34]} exd4 {[%clk 0:00:56]} 18. Bxd4 {[%clk 0:01:31]} Rd8
{[%clk 0:00:56]} 19. b4 {[%clk 0:01:20]} Bb7 {[%clk 0:00:55]} 20. Qf4
{[%clk 0:01:14]} c5 {[%clk 0:00:52]} 21. bxc5 {[%clk 0:00:58]} dxc5
{[%clk 0:00:53]} 22. Bxf6 {[%clk 0:00:59]} Qxf6 {[%clk 0:00:51]} 23. Qc7
{[%clk 0:01:00]} Rab8 {[%clk 0:00:35]} 24. Rxd8 {[%clk 0:00:56]} Qxd8
{[%clk 0:00:34]} 25. Qxf7 {[%clk 0:00:53]} Qe8 {[%clk 0:00:31]} 26. Qc7
{[%clk 0:00:49]} Qc8 {[%clk 0:00:30]} 27. Qd6 {[%clk 0:00:44]} Bf8
{[%clk 0:00:19]} 28. Qf4 {[%clk 0:00:35]} Qe8 {[%clk 0:00:20]} 29. Nd5
{[%clk 0:00:35]} Kh8 {[%clk 0:00:19]} 30. Nf6 {[%clk 0:00:35]} Qd8
{[%clk 0:00:18]} 31. Ne5 {[%clk 0:00:35]} Kg7 {[%clk 0:00:17]} 32. Nh5+
{[%clk 0:00:36]} 1-0

[Event "Blitz 2018"]
[Site "Saint-Petersburg"]
[Date "2018.12.29"]
[Round "9"]
[Board "14"]
[White "Kazhgaleyev Murtas (KAZ)"]
[Black "Jobava Baadur (GEO)"]
[Result "0-1"]
[LiveChessVersion "1.4.8"]
[BlackElo "2705"]
[WhiteElo "2553"]

1. d4 {[%clk 0:03:02]} Nf6 {[%clk 0:03:03]} 2. c4 {[%clk 0:03:03]} e6
{[%clk 0:03:04]} 3. Nc3 {[%clk 0:03:03]} Bb4 {[%clk 0:03:05]} 4. e3
{[%clk 0:03:04]} b6 {[%clk 0:03:05]} 5. Nge2 {[%clk 0:02:59]} Bb7
{[%clk 0:03:06]} 6. a3 {[%clk 0:02:59]} Be7 {[%clk 0:03:07]} 7. d5
{[%clk 0:02:55]} a5 {[%clk 0:03:07]} 8. Ng3 {[%clk 0:02:55]} Na6 {[%clk 0:03:08]}
9. e4 {[%clk 0:02:51]} O-O {[%clk 0:03:09]} 10. Bd3 {[%clk 0:02:40]} Nc5
{[%clk 0:03:10]} 11. Bc2 {[%clk 0:02:40]} d6 {[%clk 0:03:11]} 12. O-O
{[%clk 0:02:39]} Nfd7 {[%clk 0:03:12]} 13. Be3 {[%clk 0:02:37]} Bg5
{[%clk 0:03:13]} 14. f4 {[%clk 0:02:33]} Bf6 {[%clk 0:03:14]} 15. Nh5
{[%clk 0:02:23]} Bxc3 {[%clk 0:03:14]} 16. bxc3 {[%clk 0:02:23]} g6
{[%clk 0:02:46]} 17. Ng3 {[%clk 0:02:21]} Ba6 {[%clk 0:02:43]} 18. f5
{[%clk 0:02:04]} Bxc4 {[%clk 0:02:44]} 19. Rf4 {[%clk 0:02:01]} e5
{[%clk 0:02:21]} 20. Rf2 {[%clk 0:01:59]} Qh4 {[%clk 0:02:15]} 21. Qd2
{[%clk 0:01:50]} f6 {[%clk 0:02:16]} 22. Re1 {[%clk 0:01:43]} g5 {[%clk 0:02:06]}
23. Qd1 {[%clk 0:01:37]} a4 {[%clk 0:02:03]} 24. Nh5 {[%clk 0:01:33]} Bb3
{[%clk 0:02:04]} 25. Bxb3 {[%clk 0:01:20]} axb3 {[%clk 0:02:05]} 26. g3
{[%clk 0:01:16]} Qh3 {[%clk 0:02:06]} 27. g4 {[%clk 0:01:12]} Nxe4
{[%clk 0:02:03]} 28. Rg2 {[%clk 0:01:10]} Rxa3 {[%clk 0:01:57]} 29. Qb1
{[%clk 0:00:55]} Qf3 {[%clk 0:01:45]} 30. Bxb6 {[%clk 0:00:39]} Nxc3
{[%clk 0:01:39]} 31. Qc1 {[%clk 0:00:40]} cxb6 {[%clk 0:01:29]} 32. Qxa3
{[%clk 0:00:41]} Qxd5 {[%clk 0:01:22]} 33. Qb2 {[%clk 0:00:37]} Rc8
{[%clk 0:01:17]} 34. h4 {[%clk 0:00:28]} Kf7 {[%clk 0:01:15]} 35. hxg5
{[%clk 0:00:28]} fxg5 {[%clk 0:01:16]} 36. Qa3 {[%clk 0:00:28]} Qc5+
{[%clk 0:01:15]} 37. Qxc5 {[%clk 0:00:29]} bxc5 {[%clk 0:01:16]} 38. Ng3
{[%clk 0:00:27]} Nf6 {[%clk 0:01:17]} 39. Nf1 {[%clk 0:00:27]} c4
{[%clk 0:01:16]} 40. Ne3 {[%clk 0:00:25]} d5 {[%clk 0:01:17]} 41. Ra1
{[%clk 0:00:25]} Na2 {[%clk 0:01:17]} 42. Rb2 {[%clk 0:00:21]} Rc7
{[%clk 0:01:10]} 43. Kg2 {[%clk 0:00:21]} e4 {[%clk 0:01:04]} 44. Kg3
{[%clk 0:00:21]} d4 {[%clk 0:01:04]} 45. Nxc4 {[%clk 0:00:22]} Rxc4
{[%clk 0:01:06]} 46. Rxb3 {[%clk 0:00:23]} Rc3+ {[%clk 0:01:07]} 47. Rxc3 Nxc3
{[%clk 0:01:08]} 48. Ra7+ {[%clk 0:00:25]} Ke8 {[%clk 0:01:09]} 49. Ra6
{[%clk 0:00:25]} e3 {[%clk 0:01:09]} 50. Kf3 {[%clk 0:00:26]} Nfe4
{[%clk 0:01:09]} 51. Ra8+ {[%clk 0:00:22]} Ke7 {[%clk 0:01:10]} 52. Ra7+
{[%clk 0:00:23]} Kd6 {[%clk 0:01:12]} 53. Ra8 {[%clk 0:00:22]} e2
{[%clk 0:01:09]} 54. Ra1 {[%clk 0:00:19]} d3 {[%clk 0:01:11]} 0-1

[Event "Blitz 2018"]
[Site "Saint-Petersburg"]
[Date "2018.12.29"]
[Round "9"]
[Board "15"]
[White "Yudin Sergei (RUS)"]
[Black "Inarkiev Ernesto (RUS)"]
[Result "1-0"]
[LiveChessVersion "1.4.8"]
[BlackElo "2674"]
[WhiteElo "2533"]

1. e4 {[%clk 0:03:01]} c5 {[%clk 0:03:04]} 2. Nf3 {[%clk 0:03:02]} e6
{[%clk 0:03:05]} 3. c3 {[%clk 0:03:02]} Nf6 {[%clk 0:03:05]} 4. e5
{[%clk 0:03:03]} Nd5 {[%clk 0:03:06]} 5. g3 {[%clk 0:03:02]} d6 {[%clk 0:02:48]}
6. Bg2 {[%clk 0:02:54]} dxe5 {[%clk 0:02:32]} 7. Nxe5 {[%clk 0:02:54]} Nd7
{[%clk 0:02:33]} 8. Nf3 {[%clk 0:02:23]} Be7 {[%clk 0:02:34]} 9. O-O
{[%clk 0:02:23]} O-O {[%clk 0:02:34]} 10. d4 {[%clk 0:02:24]} cxd4
{[%clk 0:02:23]} 11. Nxd4 {[%clk 0:02:23]} Ne5 {[%clk 0:02:14]} 12. Re1
{[%clk 0:02:17]} Bf6 {[%clk 0:02:15]} 13. Qe2 {[%clk 0:01:51]} Qb6
{[%clk 0:01:46]} 14. Nd2 {[%clk 0:01:46]} g6 {[%clk 0:01:47]} 15. Ne4
{[%clk 0:01:38]} Bg7 {[%clk 0:01:48]} 16. Rd1 {[%clk 0:01:38]} Bd7
{[%clk 0:01:42]} 17. c4 {[%clk 0:01:34]} Nb4 {[%clk 0:01:31]} 18. Be3
{[%clk 0:01:32]} Qc7 {[%clk 0:00:21]} 19. a3 {[%clk 0:01:31]} Na6
{[%clk 0:00:22]} 20. Rac1 {[%clk 0:01:18]} Rad8 {[%clk 0:00:15]} 21. Nb5
{[%clk 0:01:15]} Qa5 {[%clk 0:00:12]} 22. Nec3 {[%clk 0:00:48]} Bxb5 23. cxb5 Nb8
{[%clk 0:00:04]} 24. Bxb7 {[%clk 0:00:29]} Rd7 {[%clk 0:00:06]} 25. Rxd7
{[%clk 0:00:28]} Nexd7 {[%clk 0:00:06]} 26. Bg2 {[%clk 0:00:17]} Ne5
{[%clk 0:00:05]} 27. Bf4 {[%clk 0:00:14]} Nbd7 {[%clk 0:00:06]} 28. Rd1
{[%clk 0:00:14]} h6 29. Bc6 g5 {[%clk 0:00:00]} 30. Be3 {[%clk 0:00:14]} Nf6
{[%clk 0:00:00]} 1-0

[Event "Blitz 2018"]
[Site "Saint-Petersburg"]
[Date "2018.12.29"]
[Round "9"]
[Board "18"]
[White "Sjugirov Sanan (RUS)"]
[Black "Paravyan David (RUS)"]
[Result "0-1"]
[LiveChessVersion "1.4.8"]
[BlackElo "2629"]
[WhiteElo "2748"]

1. e4 {[%clk 0:03:03]} e5 {[%clk 0:03:03]} 2. Nf3 Nc6 3. Bb5 {[%clk 0:03:05]} g6
{[%clk 0:03:05]} 4. c3 {[%clk 0:02:45]} a6 {[%clk 0:03:07]} 5. Bxc6
{[%clk 0:02:46]} dxc6 {[%clk 0:03:08]} 6. d4 {[%clk 0:02:46]} exd4
{[%clk 0:03:09]} 7. cxd4 {[%clk 0:02:47]} Bg7 {[%clk 0:03:10]} 8. Be3
{[%clk 0:02:42]} Ne7 {[%clk 0:02:59]} 9. Nc3 {[%clk 0:02:40]} Bg4
{[%clk 0:03:00]} 10. h3 {[%clk 0:02:23]} Bxf3 {[%clk 0:02:58]} 11. Qxf3
{[%clk 0:02:24]} O-O {[%clk 0:02:48]} 12. O-O-O {[%clk 0:02:14]} f5
{[%clk 0:02:48]} 13. Bg5 {[%clk 0:02:05]} Qd7 {[%clk 0:02:40]} 14. Bxe7
{[%clk 0:01:56]} Qxe7 {[%clk 0:02:41]} 15. e5 {[%clk 0:01:58]} Qe6
{[%clk 0:02:28]} 16. Kb1 {[%clk 0:01:55]} Rad8 {[%clk 0:02:24]} 17. Rhe1
{[%clk 0:01:53]} Rfe8 {[%clk 0:02:00]} 18. Qg3 {[%clk 0:01:33]} Qc4
{[%clk 0:01:51]} 19. f4 {[%clk 0:01:08]} Rxd4 {[%clk 0:01:28]} 20. Rxd4
{[%clk 0:01:10]} Qxd4 {[%clk 0:01:30]} 21. Rd1 {[%clk 0:01:11]} Qc4
{[%clk 0:01:23]} 22. Rd7 {[%clk 0:01:07]} Bh6 {[%clk 0:01:16]} 23. Rxc7
{[%clk 0:00:18]} Qxf4 {[%clk 0:01:04]} 24. Qxf4 {[%clk 0:00:19]} Bxf4
{[%clk 0:01:05]} 25. Rxb7 {[%clk 0:00:20]} Bxe5 {[%clk 0:01:04]} 26. Kc2
{[%clk 0:00:12]} Bxc3 {[%clk 0:00:50]} 27. Kxc3 {[%clk 0:00:13]} Re2
{[%clk 0:00:50]} 28. g4 {[%clk 0:00:09]} f4 {[%clk 0:00:48]} 29. g5
{[%clk 0:00:05]} f3 {[%clk 0:00:47]} 30. Kd3 {[%clk 0:00:06]} Re8
{[%clk 0:00:41]} 31. Rb4 {[%clk 0:00:04]} Rf8 {[%clk 0:00:43]} 32. Kd4 0-1

[Event "Blitz 2018"]
[Site "Saint-Petersburg"]
[Date "2018.12.29"]
[Round "9"]
[Board "20"]
[White "Riazantsev Alexander (RUS)"]
[Black "Gelfand Boris (ISR)"]
[Result "1/2-1/2"]
[LiveChessVersion "1.4.8"]
[BlackElo "2722"]
[WhiteElo "2633"]

1. d4 {[%clk 0:03:03]} Nf6 {[%clk 0:03:03]} 2. c4 {[%clk 0:03:05]} e6
{[%clk 0:03:04]} 3. Nf3 d5 4. Bg5 {[%clk 0:03:03]} h6 {[%clk 0:03:01]} 5. Bxf6
{[%clk 0:03:04]} Qxf6 {[%clk 0:03:02]} 6. e3 {[%clk 0:03:03]} g6 {[%clk 0:03:03]}
7. Nbd2 {[%clk 0:02:58]} Bg7 {[%clk 0:03:01]} 8. Rc1 {[%clk 0:02:59]} Qe7
{[%clk 0:02:52]} 9. Be2 {[%clk 0:02:54]} O-O {[%clk 0:02:52]} 10. O-O
{[%clk 0:02:55]} c6 {[%clk 0:02:37]} 11. a3 {[%clk 0:02:53]} a5 {[%clk 0:02:31]}
12. Ne5 {[%clk 0:02:40]} c5 {[%clk 0:02:23]} 13. cxd5 {[%clk 0:02:25]} cxd4
{[%clk 0:02:24]} 14. exd4 {[%clk 0:02:17]} exd5 {[%clk 0:02:25]} 15. Ndf3
{[%clk 0:02:13]} Bf5 {[%clk 0:02:16]} 16. Qb3 {[%clk 0:02:12]} Nc6
{[%clk 0:02:14]} 17. Nxc6 {[%clk 0:01:21]} bxc6 18. Rfe1 Rab8 {[%clk 0:01:59]}
19. Qc3 {[%clk 0:01:23]} Qb7 {[%clk 0:02:00]} 20. Qxc6 {[%clk 0:00:55]} Qxc6
{[%clk 0:01:44]} 21. Rxc6 {[%clk 0:00:56]} Rxb2 {[%clk 0:01:45]} 22. Bf1
{[%clk 0:00:45]} Ra2 {[%clk 0:01:36]} 23. Rc3 {[%clk 0:00:41]} Rb8
{[%clk 0:01:32]} 24. Bd3 {[%clk 0:00:37]} Bxd3 {[%clk 0:01:19]} 25. Rxd3
{[%clk 0:00:38]} Rbb2 {[%clk 0:01:21]} 26. Rf1 Bf8 27. Rc3 {[%clk 0:00:25]} Bxa3
{[%clk 0:01:11]} 28. Rc8+ {[%clk 0:00:26]} Kg7 {[%clk 0:01:12]} 29. Rd8
{[%clk 0:00:28]} Be7 {[%clk 0:00:57]} 30. Rxd5 {[%clk 0:00:29]} Bf6
{[%clk 0:00:57]} 31. Rd7 {[%clk 0:00:28]} Re2 {[%clk 0:00:53]} 32. h4
{[%clk 0:00:29]} a4 {[%clk 0:00:54]} 33. g4 {[%clk 0:00:30]} Re4 {[%clk 0:00:52]}
34. g5 {[%clk 0:00:21]} hxg5 {[%clk 0:00:47]} 35. hxg5 {[%clk 0:00:23]} Be7
{[%clk 0:00:43]} 36. Rb1 {[%clk 0:00:18]} Rg4+ {[%clk 0:00:32]} 37. Kf1
{[%clk 0:00:19]} Bxg5 {[%clk 0:00:25]} 38. Rbb7 {[%clk 0:00:14]} Ra1+
{[%clk 0:00:24]} 39. Ke2 {[%clk 0:00:16]} Ra2+ {[%clk 0:00:25]} 40. Kf1
{[%clk 0:00:15]} Ra1+ {[%clk 0:00:24]} 41. Ke2 {[%clk 0:00:17]} Ra2+
{[%clk 0:00:25]} 42. Kf1 {[%clk 0:00:18]} 1/2-1/2

[Event "Blitz 2018"]
[Site "Saint-Petersburg"]
[Date "2018.12.29"]
[Round "9"]
[Board "21"]
[White "Guseinov Gadir (AZE)"]
[Black "Motylev Alexander (RUS)"]
[Result "1/2-1/2"]
[LiveChessVersion "1.4.8"]
[BlackElo "2609"]
[WhiteElo "2708"]

1. e4 {[%clk 0:03:02]} e5 {[%clk 0:03:02]} 2. Nf3 {[%clk 0:03:03]} Nc6
{[%clk 0:03:02]} 3. Bb5 {[%clk 0:03:04]} Nge7 {[%clk 0:03:03]} 4. Nc3
{[%clk 0:03:03]} Ng6 {[%clk 0:03:03]} 5. d4 {[%clk 0:02:54]} exd4
{[%clk 0:03:02]} 6. Nxd4 {[%clk 0:02:55]} Nxd4 {[%clk 0:03:03]} 7. Qxd4
{[%clk 0:02:56]} c6 {[%clk 0:03:04]} 8. Be2 {[%clk 0:02:47]} Qb6 {[%clk 0:03:05]}
9. Be3 {[%clk 0:02:30]} Qxd4 {[%clk 0:02:46]} 10. Bxd4 {[%clk 0:02:31]} Nf4
{[%clk 0:02:47]} 11. Bf3 {[%clk 0:02:21]} Ne6 {[%clk 0:02:47]} 12. Be3
{[%clk 0:02:21]} f6 {[%clk 0:02:31]} 13. O-O-O {[%clk 0:02:18]} Bb4
{[%clk 0:02:24]} 14. Ne2 {[%clk 0:02:11]} Ke7 {[%clk 0:02:22]} 15. h4
{[%clk 0:02:01]} h5 {[%clk 0:02:16]} 16. c3 {[%clk 0:01:59]} Ba5 {[%clk 0:02:10]}
17. Nf4 {[%clk 0:02:00]} Nxf4 {[%clk 0:01:38]} 18. Bxf4 {[%clk 0:02:01]} Bb6
{[%clk 0:01:33]} 19. Bd6+ {[%clk 0:01:52]} Kf7 {[%clk 0:01:33]} 20. Rd2
{[%clk 0:01:52]} g6 {[%clk 0:01:33]} 21. Bd1 {[%clk 0:01:45]} Re8
{[%clk 0:01:32]} 22. Re1 {[%clk 0:01:36]} a5 {[%clk 0:01:32]} 23. a4
{[%clk 0:01:37]} Bd8 {[%clk 0:01:31]} 24. g4 {[%clk 0:01:34]} hxg4
{[%clk 0:01:26]} 25. Bxg4 {[%clk 0:01:32]} f5 {[%clk 0:01:26]} 26. Bf3
{[%clk 0:01:33]} Bxh4 {[%clk 0:01:25]} 27. Rde2 {[%clk 0:01:34]} Re6
{[%clk 0:01:09]} 28. Bc7 {[%clk 0:01:30]} fxe4 {[%clk 0:01:03]} 29. Rxe4
{[%clk 0:01:31]} Bg5+ {[%clk 0:01:02]} 30. Kc2 {[%clk 0:01:25]} d5
{[%clk 0:01:01]} 31. R4e2 {[%clk 0:01:08]} Rxe2+ {[%clk 0:00:57]} 32. Bxe2
{[%clk 0:01:09]} Bf5+ 33. Bd3 Bxd3+ {[%clk 0:00:52]} 34. Kxd3 {[%clk 0:01:12]}
Bd8 {[%clk 0:00:53]} 35. Rh1 {[%clk 0:01:08]} Kg7 {[%clk 0:00:34]} 36. Be5+
{[%clk 0:01:00]} Bf6 {[%clk 0:00:35]} 37. Bxf6+ {[%clk 0:01:01]} Kxf6
{[%clk 0:00:36]} 38. Rh7 {[%clk 0:01:02]} b5 {[%clk 0:00:19]} 39. axb5
{[%clk 0:00:55]} cxb5 {[%clk 0:00:20]} 40. Ke4 Ke5+ 1/2-1/2

[Event "Blitz 2018"]
[Site "Saint-Petersburg"]
[Date "2018.12.29"]
[Round "9"]
[Board "23"]
[White "Kovalev Vladislav (BLR)"]
[Black "Petrosian Tigran L. (ARM)"]
[Result "1-0"]
[LiveChessVersion "1.4.8"]
[BlackElo "2700"]
[WhiteElo "2553"]

1. e4 {[%clk 0:03:03]} d6 {[%clk 0:03:03]} 2. d4 {[%clk 0:03:05]} Nf6
{[%clk 0:03:05]} 3. Nc3 {[%clk 0:03:06]} c6 {[%clk 0:03:06]} 4. Nf3
{[%clk 0:03:03]} Qa5 {[%clk 0:03:07]} 5. Bd3 {[%clk 0:03:03]} e5 {[%clk 0:03:08]}
6. O-O {[%clk 0:02:59]} Be7 {[%clk 0:03:09]} 7. h3 {[%clk 0:02:53]} O-O
{[%clk 0:03:09]} 8. Re1 {[%clk 0:02:40]} Re8 {[%clk 0:03:10]} 9. a4
{[%clk 0:02:31]} Nbd7 {[%clk 0:03:08]} 10. Bd2 {[%clk 0:02:14]} Qc7
{[%clk 0:03:09]} 11. Ne2 {[%clk 0:02:01]} exd4 {[%clk 0:02:59]} 12. Nexd4
{[%clk 0:02:00]} Nc5 {[%clk 0:02:59]} 13. Bf4 {[%clk 0:01:51]} Bf8
{[%clk 0:02:17]} 14. e5 {[%clk 0:01:50]} dxe5 {[%clk 0:02:18]} 15. Bxe5
{[%clk 0:01:47]} Qd8 {[%clk 0:02:17]} 16. Bc4 {[%clk 0:01:35]} Nd5
{[%clk 0:02:16]} 17. Qd2 {[%clk 0:01:23]} Nb6 {[%clk 0:01:30]} 18. Ba2
{[%clk 0:01:24]} Be6 {[%clk 0:01:20]} 19. Nxe6 {[%clk 0:01:17]} Qxd2 20. Nxd2
{[%clk 0:01:18]} Nxe6 {[%clk 0:01:19]} 21. a5 {[%clk 0:01:11]} Nd7
{[%clk 0:01:16]} 22. Bc3 {[%clk 0:00:59]} Nc7 {[%clk 0:01:16]} 23. Ne4
{[%clk 0:00:49]} Nd5 {[%clk 0:00:57]} 24. Bd2 {[%clk 0:00:49]} Nc5
{[%clk 0:00:55]} 25. Nxc5 {[%clk 0:00:43]} Bxc5 {[%clk 0:00:56]} 26. c3
{[%clk 0:00:39]} Rad8 {[%clk 0:00:56]} 27. Rxe8+ {[%clk 0:00:36]} Rxe8
{[%clk 0:00:57]} 28. Re1 {[%clk 0:00:37]} Rxe1+ {[%clk 0:00:49]} 29. Bxe1
{[%clk 0:00:38]} Bd6 {[%clk 0:00:47]} 30. Bc4 {[%clk 0:00:24]} Bc7
{[%clk 0:00:45]} 31. a6 {[%clk 0:00:25]} b5 {[%clk 0:00:14]} 32. Bxd5
{[%clk 0:00:13]} cxd5 {[%clk 0:00:16]} 33. f3 Bb6+ 34. Bf2 {[%clk 0:00:16]} Bxf2+
{[%clk 0:00:18]} 35. Kxf2 {[%clk 0:00:17]} Kf8 {[%clk 0:00:19]} 36. Ke3
{[%clk 0:00:19]} Ke7 37. Kd4 Kd6 {[%clk 0:00:22]} 38. b4 {[%clk 0:00:13]} g5
{[%clk 0:00:20]} 39. g3 {[%clk 0:00:12]} f6 {[%clk 0:00:20]} 40. f4
{[%clk 0:00:10]} gxf4 {[%clk 0:00:21]} 41. gxf4 {[%clk 0:00:11]} h5
{[%clk 0:00:15]} 42. Kd3 {[%clk 0:00:07]} Ke6 {[%clk 0:00:09]} 43. Ke3
{[%clk 0:00:04]} Ke7 {[%clk 0:00:05]} 44. Kf3 {[%clk 0:00:04]} Ke6
{[%clk 0:00:06]} 45. Kf2 {[%clk 0:00:03]} Ke7 {[%clk 0:00:05]} 46. Kg3
{[%clk 0:00:04]} Ke6 {[%clk 0:00:06]} 47. Kf2 {[%clk 0:00:04]} Ke7
{[%clk 0:00:06]} 48. Kf3 {[%clk 0:00:05]} Kd6 {[%clk 0:00:06]} 49. Ke3
{[%clk 0:00:06]} Ke6 {[%clk 0:00:08]} 50. Kd4 {[%clk 0:00:07]} Kd6
{[%clk 0:00:08]} 51. Kd3 {[%clk 0:00:06]} Ke7 {[%clk 0:00:05]} 52. Ke3
{[%clk 0:00:07]} Ke6 {[%clk 0:00:05]} 53. Kf2 {[%clk 0:00:08]} Kd6
{[%clk 0:00:05]} 54. Kg3 {[%clk 0:00:09]} Ke6 {[%clk 0:00:07]} 1-0

[Event "Blitz 2018"]
[Site "Saint-Petersburg"]
[Date "2018.12.29"]
[Round "9"]
[Board "25"]
[White "Ponkratov Pavel (RUS)"]
[Black "Smirin Ilia (ISR)"]
[Result "0-1"]
[LiveChessVersion "1.4.8"]
[BlackElo "2582"]
[WhiteElo "2688"]

1. d4 {[%clk 0:03:03]} Nf6 {[%clk 0:03:03]} 2. Bg5 {[%clk 0:03:03]} Ne4
{[%clk 0:03:02]} 3. Bf4 {[%clk 0:03:03]} c5 {[%clk 0:03:02]} 4. f3
{[%clk 0:03:04]} Nf6 {[%clk 0:03:01]} 5. d5 {[%clk 0:02:54]} e6 {[%clk 0:02:59]}
6. e4 {[%clk 0:02:35]} exd5 {[%clk 0:02:57]} 7. exd5 {[%clk 0:02:30]} d6
{[%clk 0:02:57]} 8. Nc3 {[%clk 0:02:27]} Be7 {[%clk 0:02:50]} 9. Qd2
{[%clk 0:02:23]} a6 {[%clk 0:02:46]} 10. g4 {[%clk 0:01:52]} b5 {[%clk 0:02:32]}
11. a4 {[%clk 0:01:53]} b4 {[%clk 0:02:32]} 12. Nd1 {[%clk 0:01:54]} Bb7
{[%clk 0:02:26]} 13. Bc4 {[%clk 0:01:53]} Nbd7 {[%clk 0:02:26]} 14. a5
{[%clk 0:01:44]} Ne5 {[%clk 0:02:26]} 15. Bxe5 {[%clk 0:01:40]} dxe5
{[%clk 0:02:27]} 16. Ne3 {[%clk 0:01:40]} O-O {[%clk 0:02:17]} 17. Ne2
{[%clk 0:01:38]} Ne8 {[%clk 0:02:12]} 18. Ng3 {[%clk 0:01:17]} Nd6
{[%clk 0:02:06]} 19. b3 {[%clk 0:01:05]} Bg5 {[%clk 0:01:59]} 20. h4
{[%clk 0:01:00]} Bf4 {[%clk 0:01:55]} 21. Ne2 {[%clk 0:00:50]} Re8
{[%clk 0:01:49]} 22. Kf2 {[%clk 0:00:45]} Qf6 {[%clk 0:01:39]} 23. g5
{[%clk 0:00:37]} Bxe3+ {[%clk 0:01:09]} 24. Qxe3 {[%clk 0:00:37]} Qf5
{[%clk 0:01:10]} 25. Rac1 {[%clk 0:00:38]} e4 {[%clk 0:01:11]} 26. f4
{[%clk 0:00:39]} Bxd5 {[%clk 0:01:06]} 27. Ng3 {[%clk 0:00:31]} Qe6
{[%clk 0:01:06]} 28. Bxd5 {[%clk 0:00:26]} Qxd5 {[%clk 0:01:07]} 29. Rcd1
{[%clk 0:00:23]} Qe6 {[%clk 0:01:07]} 30. Qxc5 {[%clk 0:00:22]} e3+
{[%clk 0:01:07]} 31. Kf3 {[%clk 0:00:22]} e2 {[%clk 0:01:00]} 32. Rxd6
{[%clk 0:00:17]} e1=Q {[%clk 0:00:57]} 33. Rxe1 {[%clk 0:00:17]} Qxe1
{[%clk 0:00:58]} 34. Qd4 {[%clk 0:00:17]} Rac8 {[%clk 0:00:54]} 35. Nf5
{[%clk 0:00:15]} Rc3+ {[%clk 0:00:53]} 36. Kg4 {[%clk 0:00:13]} Qe2#
{[%clk 0:00:52]} 0-1

[Event "Blitz 2018"]
[Site "Saint-Petersburg"]
[Date "2018.12.29"]
[Round "9"]
[Board "26"]
[White "Vallejo Pons Francisco (ESP)"]
[Black "Golubov Saveliy (RUS)"]
[Result "0-1"]
[LiveChessVersion "1.4.8"]
[BlackElo "2574"]
[WhiteElo "2673"]

1. d4 {[%clk 0:03:02]} Nf6 {[%clk 0:03:03]} 2. c4 {[%clk 0:03:04]} g6
{[%clk 0:03:05]} 3. Bg5 {[%clk 0:03:04]} Bg7 {[%clk 0:03:06]} 4. Nc3
{[%clk 0:03:05]} O-O {[%clk 0:03:06]} 5. e4 {[%clk 0:03:06]} d6 {[%clk 0:03:07]}
6. Qd2 {[%clk 0:03:08]} Na6 {[%clk 0:02:33]} 7. f3 {[%clk 0:02:52]} Qe8 8. g4
{[%clk 0:02:35]} e5 {[%clk 0:02:21]} 9. d5 {[%clk 0:02:23]} Nd7 10. Nge2 f6
{[%clk 0:01:35]} 11. Bh6 {[%clk 0:02:12]} Bxh6 {[%clk 0:01:35]} 12. Qxh6
{[%clk 0:02:13]} Qe7 {[%clk 0:01:35]} 13. O-O-O c6 {[%clk 0:01:18]} 14. Ng3
{[%clk 0:01:58]} cxd5 {[%clk 0:01:18]} 15. Nxd5 Qg7 {[%clk 0:01:11]} 16. Qe3
{[%clk 0:01:56]} Nb6 {[%clk 0:01:06]} 17. h4 {[%clk 0:01:44]} Nxd5
{[%clk 0:01:06]} 18. cxd5 {[%clk 0:01:39]} Bd7 {[%clk 0:00:57]} 19. Bxa6
{[%clk 0:01:39]} bxa6 {[%clk 0:00:58]} 20. h5 {[%clk 0:01:36]} g5
{[%clk 0:00:25]} 21. Kb1 {[%clk 0:01:36]} Rfc8 {[%clk 0:00:16]} 22. Rc1
{[%clk 0:01:37]} Qf8 {[%clk 0:00:16]} 23. Rxc8 {[%clk 0:01:32]} Qxc8
{[%clk 0:00:17]} 24. Rc1 {[%clk 0:01:32]} Qb7 {[%clk 0:00:18]} 25. Qb3 Rb8
{[%clk 0:00:13]} 26. Qxb7 {[%clk 0:01:20]} Rxb7 {[%clk 0:00:14]} 27. Rc3
{[%clk 0:01:14]} Kf7 {[%clk 0:00:10]} 28. Nf1 Ke7 29. Ne3 {[%clk 0:01:15]} a5
{[%clk 0:00:05]} 30. Kc2 a4 31. Rc4 {[%clk 0:01:05]} h6 {[%clk 0:00:08]} 32. Rc3
{[%clk 0:00:52]} Kd8 {[%clk 0:00:04]} 33. Nc4 {[%clk 0:00:49]} Ke7
{[%clk 0:00:04]} 34. Na5 {[%clk 0:00:49]} Rb5 {[%clk 0:00:03]} 35. Nc4 Rc5
{[%clk 0:00:04]} 36. Na3 {[%clk 0:00:44]} Ra5 {[%clk 0:00:03]} 37. Rc4
{[%clk 0:00:42]} Kd8 {[%clk 0:00:04]} 38. Kc3 {[%clk 0:00:40]} Ra6
{[%clk 0:00:05]} 39. Rb4 {[%clk 0:00:40]} Ra5 {[%clk 0:00:03]} 40. Nc4 Rc5 41. b3
{[%clk 0:00:26]} axb3 {[%clk 0:00:04]} 42. axb3 {[%clk 0:00:28]} Bb5 43. Kb2
{[%clk 0:00:20]} Kc7 {[%clk 0:00:06]} 44. Na3 {[%clk 0:00:14]} Be2
{[%clk 0:00:07]} 45. Ra4 {[%clk 0:00:15]} a5 {[%clk 0:00:05]} 46. Nc4
{[%clk 0:00:13]} Bxf3 {[%clk 0:00:06]} 47. Nxa5 {[%clk 0:00:13]} Bxe4
{[%clk 0:00:05]} 48. Nc4 {[%clk 0:00:09]} Bxd5 {[%clk 0:00:06]} 49. Ra7+ Kb8
{[%clk 0:00:06]} 50. Rh7 {[%clk 0:00:09]} Bxc4 {[%clk 0:00:06]} 51. bxc4
{[%clk 0:00:10]} Rxc4 {[%clk 0:00:07]} 52. Rxh6 {[%clk 0:00:11]} Rxg4
{[%clk 0:00:08]} 53. Rxf6 {[%clk 0:00:12]} Kc7 {[%clk 0:00:07]} 54. Kc3
{[%clk 0:00:11]} Rh4 {[%clk 0:00:08]} 0-1